[Event "CHI-chT"]
[Site "Santiago de Chile"]
[Date "2008.11.20"]
[Round "5"]
[White "Horvath, Miguel"]
[Black "Gonzalez Astete, Cristian"]
[Result "1/2-1/2"]
[WhiteElo "2111"]
[BlackElo "2165"]
[PlyCount "88"]
[EventDate "2008.11.04"]
[EventType "team-tourn"]
[EventRounds "9"]
[EventCountry "CHI"]
[SourceTitle "EXT 2012"]
[Source "ChessBase"]
[SourceDate "2011.11.24"]
[SourceVersion "1"]
[SourceVersionDate "2011.11.24"]
[SourceQuality "1"]

1. b3 d5 2. Bb2 c5 3. e3 Nc6 4. Bb5 a6 5. Bxc6+ bxc6 6. f4 Nf6 7. Nf3 e6 8. 0-0 Be7 9. d3 0-0 10. Ne5 Qb6 11. Rf3 Nd7 12. Nxd7 Bxd7 13. Rg3 f6 14. Qh5 Rf7 15. Rh3 g6 16. Rg3 c4 17. Qe2 e5 18. Qf2 Bf5 19. dxc4 exf4 20. Qxf4 Bxc2 21. Nc3 Rd8 22. Na4 Qa7 23. Qd4 Qxd4 24. exd4 dxc4 25. Rc3 cxb3 26. Rxc6 Bd3 27. axb3 Rb8 28. Rb6 Rc8 29. Rc1 Rxc1+ 30. Bxc1 Bb5 31. Nc3 Bd3 32. Nd5 Kg7 33. Nf4 Bf5 34. Rxa6 Bf8 35. Ne6+ Bxe6 36. Rxe6 Rb7 37. Re3 Bd6 38. Rd3 Kf7 39. Kf2 Ke6 40. d5+ Kf5 41. Rf3+ Ke4 42. Rxf6 Bc5+ 43. Ke2 Kxd5 44. Rf3 Ra7 1/2-1/2

[Event "Santiago Endesa Interempresas tt-B"]
[Site "Santiago de Chile"]
[Date "2008.08.19"]
[Round "5"]
[White "Llorens Sepulveda, Marcelo"]
[Black "Horvath, Miguel"]
[Result "1/2-1/2"]
[WhiteElo "2353"]
[BlackElo "2078"]
[PlyCount "106"]
[EventDate "2008.07.22"]
[EventType "team"]
[EventRounds "11"]
[EventCountry "CHI"]
[SourceTitle "EXT 2012"]
[Source "ChessBase"]
[SourceDate "2011.11.24"]
[SourceVersion "1"]
[SourceVersionDate "2011.11.24"]
[SourceQuality "1"]

1. b3 d5 2. Bb2 Qd6 3. Nf3 Nd7 4. d4 Ngf6 5. Nbd2 g6 6. g3 Bg7 7. Bg2 0-0 8. 0-0 c5 9. c4 cxd4 10. Nxd4 e5 11. Nb5 Qb6 12. a4 a6 13. a5 Qd8 14. Nd6 d4 15. Ba3 Qc7 16. Nxc8 Rfxc8 17. b4 Nf8 18. c5 Rab8 19. Nc4 Ne8 20. Qb3 Ne6 21. Rad1 Rd8 22. Bc1 Qe7 23. Nb6 N8c7 24. Bd2 Kh8 25. Rc1 f5 26. c6 bxc6 27. Rxc6 Rd6 28. Rfc1 Rxc6 29. Rxc6 Nd8 30. Rc1 Nb5 31. Qd5 Nc3 32. Bxc3 dxc3 33. Rxc3 Qxb4 34. Rc7 Qd4 35. Qxd4 exd4 36. Ra7 d3 37. exd3 Bc3 38. Nc4 Rb1+ 39. Bf1 Nc6 40. Rxa6 Nb4 41. Rd6 Ra1 42. Kg2 Nc2 43. Be2 Bxa5 44. Nxa5 Rxa5 45. Kf3 Ra2 46. Kf4 Ne1 47. Re6 Kg7 48. d4 Kf7 49. d5 Rd2 50. Re5 Kf6 51. Re6+ Kf7 52. Re5 Kf6 53. Re6+ Kf7 1/2-1/2

[Event "Santiago Mayor CALF"]
[Site "Santiago de Chile"]
[Date "2004.09.04"]
[Round "3.2"]
[White "Horvath, Miguel"]
[Black "Labra Carreno, Martin"]
[Result "1-0"]
[WhiteElo "2054"]
[BlackElo "2127"]
[PlyCount "71"]
[EventDate "2004.08.29"]
[EventType "swiss"]
[EventRounds "9"]
[EventCountry "CHI"]
[SourceTitle "EXT 2005"]
[Source "ChessBase"]
[SourceDate "2004.11.15"]
[SourceVersion "1"]
[SourceVersionDate "2004.11.15"]
[SourceQuality "1"]

1. e4 c5 2. Nf3 e6 3. d4 cxd4 4. Nxd4 Nc6 5. Nc3 Qc7 6. Be2 a6 7. a4 Nf6 8. 0-0 Bb4 9. Bg5 Bxc3 10. Bxf6 gxf6 11. bxc3 Ne5 12. f4 Nc4 13. Qd3 Na5 14. Qg3 Kf8 15. Rf3 d6 16. Qh4 Ke7 17. Re3 e5 18. fxe5 dxe5 19. Nf5+ Bxf5 20. exf5 Qb6 21. Qe4 Rac8 22. Kh1 Rc7 23. Re1 Rhc8 24. Bd3 Nc6 25. Qh4 Qc5 26. Be4 Qc4 27. Qxh7 Qxa4 28. Bd5 Rf8 29. Re4 Qa5 30. c4 Nb8 31. Qh4 Nd7 32. Rxe5+ Kd6 33. Rd1 Kc5 34. Qf2+ Kb4 35. Rb1+ Ka4 36. Qg3 1-0